Îvuku rîa ûvoro mwaro : (Record no. 67810)
[ view plain ]
| 000 -LEADER | |
|---|---|
| fixed length control field | 00807nam a22002297a 4500 |
| 003 - CONTROL NUMBER IDENTIFIER | |
| control field | OSt |
| 005 - DATE AND TIME OF LATEST TRANSACTION | |
| control field | 20240103165221.0 |
| 008 - FIXED-LENGTH DATA ELEMENTS--GENERAL INFORMATION | |
| fixed length control field | 240103b |||||||| |||| 00| 0 eng d |
| 020 ## - INTERNATIONAL STANDARD BOOK NUMBER | |
| International Standard Book Number | 9789966482167 (Maroon vinyl) |
| 040 ## - CATALOGING SOURCE | |
| Original cataloging agency | DLC |
| Transcribing agency | DLC |
| Modifying agency | DLC |
| 050 ## - LIBRARY OF CONGRESS CALL NUMBER | |
| Classification number | BS325 |
| Item number | .E48 2012 |
| 130 ## - MAIN ENTRY--UNIFORM TITLE | |
| Uniform title | Bible. Embu. 2012. |
| 9 (RLIN) | 55805 |
| 245 ## - TITLE STATEMENT | |
| Title | Îvuku rîa ûvoro mwaro : |
| Remainder of title | kîkîkanîro kîrîa gîkûrû na kîrîa gîcerû. |
| 260 ## - PUBLICATION, DISTRIBUTION, ETC. (IMPRINT) | |
| Place of publication, distribution, etc | Nairobi : |
| Name of publisher, distributor, etc | Bible Society of Kenya, |
| Date of publication, distribution, etc | c2012. |
| 300 ## - PHYSICAL DESCRIPTION | |
| Extent | x, 1102, 387 pages |
| Other physical details | illustrations, maps, 22 cm |
| 500 ## - GENERAL NOTE | |
| General note | Title on title page verso: Holy Bible in Kîembu Kimbeere language<br/>[Africana] |
| 501 ## - WITH NOTE | |
| With note | In Kimbeere. |
| 630 ## - SUBJECT ADDED ENTRY--UNIFORM TITLE | |
| Uniform title | Bible. |
| Language of a work | Embu. |
| 9 (RLIN) | 55806 |
| 650 ## - SUBJECT ADDED ENTRY--TOPICAL TERM | |
| Topical term or geographic name as entry element | Embu language |
| Form subdivision | Texts. |
| 9 (RLIN) | 55807 |
| 710 ## - ADDED ENTRY--CORPORATE NAME | |
| Corporate name or jurisdiction name as entry element | Bible Society of Kenya |
| 9 (RLIN) | 55779 |
| 942 ## - ADDED ENTRY ELEMENTS (KOHA) | |
| Source of classification or shelving scheme | Library of Congress Classification |
| Koha item type | Africana collection ( Reference) |
| Withdrawn status | Lost status | Source of classification or shelving scheme | Damaged status | Not for loan | Collection code | Home library | Current library | Shelving location | Date acquired | Source of acquisition | Cost, normal purchase price | Total Checkouts | Full call number | Barcode | Date last seen | Copy number | Price effective from | Koha item type |
|---|---|---|---|---|---|---|---|---|---|---|---|---|---|---|---|---|---|---|
| Library of Congress Classification | Reference | AIU/NEGST - Tony Wilmot Memorial Library | AIU/NEGST - Tony Wilmot Memorial Library | Reference | 10/30/2023 | Donation - Prof. Robert Priest | 9.09 | REF BS 325.E48 2012 | T16890W3232 | 01/03/2024 | 1 | 01/03/2024 | Africana collection ( Reference) |
